Garner's local land charges (Record no. 104735)

MARC details
000 -LEADER
fixed length control field 01720cam a2200241 4500
001 - CONTROL NUMBER
control field ##L131376
008 - FIXED-LENGTH DATA ELEMENTS--GENERAL INFORMATION
fixed length control field 051026n2005 000 0 eng u
020 ## - INTERNATIONAL STANDARD BOOK NUMBER
International Standard Book Number 072190128X
035 ## - SYSTEM CONTROL NUMBER
System control number (Sirsi) u131376
041 0# - LANGUAGE CODE
Language code of text/sound track or separate title eng
050 04 - LIBRARY OF CONGRESS CALL NUMBER
Classification number 346.410438 $2 18
100 1# - MAIN ENTRY--PERSONAL NAME
Personal name Boothroyd, Jan E.
245 00 - TITLE STATEMENT
Title Garner's local land charges
250 ## - EDITION STATEMENT
Edition statement 13th ed.
260 ## - PUBLICATION, DISTRIBUTION, ETC.
Place of publication, distribution, etc. Crayford
Name of publisher, distributor, etc. Shaw and Sons
Date of publication, distribution, etc. 2005
300 ## - PHYSICAL DESCRIPTION
Extent xxxvii, 297p
Dimensions 22cm
350 ## - PRICE (NR) (BK AM CF MU VM SE) [OBSOLETE]
Price 29.95
505 02 - FORMATTED CONTENTS NOTE
Formatted contents note The act, the rules and the register - computerisation - what is a local land charge? - breakdown of the local land charges register - searches and certificates - performance indicators code of practice - introduction to parts 1-12 of the local land charges register - general financial charges (part 1) - specific financial charges (part 2) - planning charges (part 3) - miscellaneous charges (part 4) - fenland ways maintenance charges (part 5) - land compensation charges (part 6) - new towns charges (part 7) - civil aviation charges (part 8) - opencast coal charges (part 9) - listed building charges (part 10) - light obstruction notices (part 11) - drainage scheme charges (part 12) - registration errors and compensation - other statutory registers of local authorities - supplementary enquiries - registered land - additional items of interest.
520 ## - SUMMARY, ETC.
Summary, etc. New edition taking account of developments in the law to 1 June 2005. Explains what a local land charge is, and how it is created, how to find out if something is registrable, where the items come from, and what happens if a mistake is made.
520 ## - SUMMARY, ETC.
Summary, etc. Supercedes 12th ed (ISBN 0721901271)
690 ## - LOCAL SUBJECT ADDED ENTRY--TOPICAL TERM (OCLC, RLIN)
Topical term or geographic name as entry element PROPERTY-PROPERTY ACQUISITION AND DISPOSAL-CONVEYANCING
942 ## - ADDED ENTRY ELEMENTS (KOHA)
Suppress in OPAC 0
Holdings
Withdrawn status Lost status Source of classification or shelving scheme Damaged status Not for loan Home library Current library Shelving location Date acquired Total Checkouts Full call number Barcode Date last seen Copy number Price effective from Koha item type
    Dewey Decimal Classification     London London RICS Boxes 05/12/2005   346.410438 BOO 30071440 06/08/2019 1 06/08/2019 Book